'Cooning with 'cooners /

Bibliographic Details
Main Author: Kuechler, Otto
Format: Book
Language:English
Published: Columbus : The Hunter-Trader-Trapper Co., [1924]
Subjects:

MARC

Tag First Indicator Second Indicator Subfields
LEADER 00000cam a2200000 4500
001 in00000696913
005 20160316092947.0
008 750123s1924 ohua 00010 eng u
035 |a (OCoLC)01150815 
035 |9 ADA9227AM 
040 |c UDI  |d TXA  |d UtOrBLW 
049 |a TXAM  |c [709588] 
090 |a SK341.R3  |b K8 
100 1 |a Kuechler, Otto. 
245 1 0 |a 'Cooning with 'cooners /  |c compiled by O. Kuechler. 
264 1 |a Columbus :  |b The Hunter-Trader-Trapper Co.,  |c [1924] 
300 |a 217 pages :  |b illustrations 
336 |a text  |b txt  |2 rdacontent 
337 |a unmediated  |b n  |2 rdamedia 
338 |a volume  |b nc  |2 rdacarrier 
650 0 |a Hunting. 
650 0 |a Raccoon. 
999 |a MARS 
999 f f |s 8555cfb0-bafc-37c4-8660-292d88a3db9f  |i 320f1bbc-9db3-38f6-91f6-1a3c8dad5ece  |t 0 
952 f f |p normal  |a Texas A&M University  |b College Station  |c Sterling C. Evans Library  |d Evans: Library Stacks  |t 0  |e SK341.R3 K8  |h Library of Congress classification  |i unmediated -- volume  |m A14805254457 
998 f f |a SK341.R3 K8  |t 0  |l Evans: Library Stacks